Artc̕ulos Jurd̕icos

Detalles Bibliográficos
Autor principal: Aviles Urquiza, Rogelio
Formato: eBook
Lenguaje:español
Publicado: [s.l.] : Rogelio Aviles Urquiza, 2013
Materias:
Acceso en línea:Acceso restringido

MARC

LEADER 00000nam a22000007a 4500
005 20130916174712.0
007 cr|||| ||||
008 130916c2013 co |||| s|||| 0||| 1spa d
035 |a 11477 
040 |a vLex 
090 |c 4490  |d 4490 
100 1 |a Aviles Urquiza, Rogelio 
245 1 0 |a Artc̕ulos Jurd̕icos  |h [Recurso electrn̤ico] /  |c Rogelio Avilš Urquiza 
256 |a Servicio en ln̕ea 
260 |a [s.l.] :  |b Rogelio Aviles Urquiza,  |c 2013 
300 |a 1 recurso electrn̤ico 
310 |a Irregular 
362 |a Nm︢. 1 (2013) - 
506 1 |a Contenido solo disponible en los productos indicados  |d vLex Global  |d vLex Global (Academic Edition, excluding Law Schools)  |d vLex Global (U.S. Academic Edition, Law Schools)  |d vLex Global (U.S. Academic Edition, excluding Law Schools)  |d vLex Global (Academic Edition, Law Schools) 
650 0 4 |a Artc̕ulos jurd̕icos  |z Colombia 
740 0 |a vLex Revista (Servicio en ln̕ea) 
856 4 0 |u http://vlex.com/source/articulos-juridicos-11477  |z Acceso restringido 
942 |c REV 
999 0 |a Legal articles